Psicometría del hábito reactivo / Manuel Borrás París, Salvador Escala Milá
Publicado:
Barcelona :
Diputació. Instituto de Psicología Aplicada y Psicotecnia (Delegación del Instituto Nacional) ,
1961
Descripción Física:
30 p. ; 25 cm
Otros Autores:
Escala Milà, Salvador
Materias:
Psicometria
MARC
| LEADER | 00000nam a2200000Ia 4500 | ||
|---|---|---|---|
| 001 | 7610 | ||
| 003 | BGR | ||
| 005 | 20260324175617.0 | ||
| 008 | 160829s1961 xx 000 0 cat d | ||
| 080 | |a FU-6-11 | ||
| 100 | |a Borrás París, Manuel |9 22794 | ||
| 245 | |a Psicometría del hábito reactivo / Manuel Borrás París, Salvador Escala Milá | ||
| 260 | |a Barcelona : |b Diputació. Instituto de Psicología Aplicada y Psicotecnia (Delegación del Instituto Nacional), |c 1961 | ||
| 300 | |a 30 p. ; |c 25 cm | ||
| 490 | |a Monografías, estudios y documentaciones psicotécnicas. Vol. 5 ; 10 | ||
| 650 | |a Psicometria |9 35127 | ||
| 700 | |a Escala Milà, Salvador |9 35128 | ||
| 710 | 2 | |a Instituto de Psicología Aplicada y Psicotecnia (Barcelona) |9 71186 | |
| 901 | |a Arxiu | ||
| 942 | |n 1 |2 udc |c MON | ||
| 952 | |0 0 |1 0 |4 0 |6 FU611 |7 1 |9 46775 |a Arxiu |b Arxiu |d 2016-12-01 |l 0 |o FU-6-11 |p 7610 |r 2016-12-01 00:00:00 |w 2016-12-01 |y ARXIU | ||
| 999 | |c 50568 |d 50568 | ||